000 00531nam a2200181Ia 4500
999 _c22503
_d22503
003 OSt
005 20200210105326.0
008 190216s9999||||xx |||||||||||||| ||und||
020 _a8172047304
040 _coclc
082 _a297.61
_bUMA/I
100 _aOmery, Mohammed Shameem
_91894
245 0 _aImamukalude Jeevitham /
_cMuhammed Shameem Umari
260 _bIslamic Publications,
_aKozhikode:
_c2001.
300 _a43p
650 _aIslamic Culture
942 _cBK
_2ddc
_h297.61
_iUMA/I
_k297.61
_mUMA/I